[Event "Open Mediterranean 2013"]
[Site "Rijeka (CRO)"]
[Date "2007.11.25"]
[Round "1.28"]
[White "Sercer, Zoran"]
[Black "Sutkovic, Damir"]
[Result "1/2-1/2"]
[WhiteElo "2105"]
[BlackElo "2318"]
[PlyCount "158"]
[EventDate "2007.11.25"]
[EventType "swiss"]
[EventRounds "9"]
[EventCountry "CRO"]
[Source "lmi"]
[SourceDate "2007.11.25"]

1. e4 c5 2. c3 Nf6 3. Bd3 Nc6 4. Nf3 e5 5. Qe2 Be7 6. Bc2 O-O 7. O-O d6 8. h3
h6 9. d3 Be6 10. Re1 Re8 11. Nbd2 Bf8 12. Nf1 a6 13. Ng3 d5 14. exd5 Bxd5 15.
Nd2 Qc7 16. Nde4 Nxe4 17. dxe4 Be6 18. Nf5 Kh7 19. Rf1 b5 20. Bb3 Rad8 21. Bxe6
Rxe6 22. Be3 g6 23. Nh4 c4 24. Rfd1 Red6 25. Rxd6 Rxd6 26. Rd1 Qd8 27. Rxd6
Qxd6 28. Nf3 Kg7 29. Qd2 Qxd2 30. Nxd2 Kf6 31. Kf1 Ke6 32. Ke2 h5 33. Kd1 Na5
34. Kc2 Nb7 35. b3 cxb3+ 36. axb3 a5 37. f3 Kd7 38. c4 b4 39. Kb2 Kc6 40. Kc2
Be7 41. Kd3 Bh4 42. g4 Nd8 43. f4 exf4 44. Bxf4 hxg4 45. hxg4 Ne6 46. Be3 Bf6
47. Nf3 Nc5+ 48. Bxc5 Kxc5 49. Nd2 Ba1 50. Nf3 Bf6 51. Nd2 Bg5 52. Nf3 Bf4 53.
Nd4 Be5 54. Nf3 f6 55. Nd2 Bg3 56. Nf3 Bf2 57. Nd2 Be1 58. Nf3 Bc3 59. Nh4 a4
60. bxa4 Kb6 61. Kc2 Kc5 62. Kd3 Kb6 63. Kc2 Kc5 64. Kd3 Kb6 65. Nxg6 Ka5 66.
c5 Be1 67. c6 Kb6 68. Ne7 b3 69. Nd5+ Kxc6 70. Nxf6 Kb6 71. e5 Ka5 72. Ne4 Kxa4
73. Nc5+ Ka3 74. Nxb3 Kxb3 75. Kd4 Bh4 76. Kd5 Kc3 77. Ke4 Kc4 78. e6 Kc5 79.
Kf5 Kd6 1/2-1/2

[Event "Open Mediterranean 2013"]
[Site "Rijeka (CRO)"]
[Date "2007.11.25"]
[Round "1.29"]
[White "Ramesa, Davor"]
[Black "Bubnjic, Danko"]
[Result "1-0"]
[WhiteElo "2308"]
[BlackElo "2000"]
[PlyCount "91"]
[EventDate "2007.11.25"]
[EventType "swiss"]
[EventRounds "9"]
[EventCountry "CRO"]
[Source "lmi"]
[SourceDate "2007.11.25"]

1. Nf3 d5 2. d4 e6 3. c4 c6 4. e3 Nf6 5. Bd3 Be7 6. O-O Qc7 7. Nc3 b6 8. e4
dxe4 9. Nxe4 Nbd7 10. Bg5 Bb7 11. Re1 O-O 12. Bc2 Rad8 13. Qd3 g6 14. Qe2 Rfe8
15. Rad1 Ba8 16. Nc3 Nf8 17. Ne5 Nh5 18. Bxe7 Qxe7 19. Be4 Qc7 20. Qf3 Rc8 21.
c5 b5 22. b4 f6 23. g4 fxe5 24. gxh5 Qf7 25. Qxf7+ Kxf7 26. hxg6+ hxg6 27. dxe5
Red8 28. f4 Bb7 29. Nxb5 cxb5 30. Bxb7 Rxd1 31. Rxd1 Rc7 32. Ba6 Ke7 33. Bxb5
Rb7 34. c6 Rc7 35. a4 a6 36. Bxa6 Rxc6 37. Bb5 Rb6 38. Kf2 g5 39. fxg5 Ng6 40.
Rd7+ Kf8 41. Rd6 Rxd6 42. exd6 Ne5 43. h4 Nf7 44. d7 Ke7 45. g6 Nh6 46. a5 1-0

[Event "Open Mediterranean 2013"]
[Site "Rijeka (CRO)"]
[Date "2007.11.25"]
[Round "1.30"]
[White "Faerber, Eric"]
[Black "Fucak, Emilijo"]
[Result "0-1"]
[WhiteElo "2000"]
[BlackElo "2296"]
[PlyCount "74"]
[EventDate "2007.11.25"]
[EventType "swiss"]
[EventRounds "9"]
[EventCountry "CRO"]
[Source "lmi"]
[SourceDate "2007.11.25"]

1. e4 e6 2. d4 d5 3. exd5 exd5 4. Bd3 Nc6 5. Ne2 Bg4 6. c3 Bd6 7. O-O Qh4 8. g3
Qh5 9. Re1 Nge7 10. Qd2 O-O-O 11. Nf4 Bxf4 12. Qxf4 f6 13. b4 Ng6 14. Qe3 Nh4
15. gxh4 Rde8 16. Qd2 Bf3 17. h3 g5 18. Bf5+ Kb8 19. Rxe8+ Rxe8 20. hxg5 Qh4
21. Kf1 Re2 22. Qxe2 Bxe2+ 23. Kxe2 Nxd4+ 24. cxd4 Qxd4 25. gxf6 Qxa1 26. Bxh7
Qxf6 27. Bd3 Qe7+ 28. Kf1 Qxb4 29. f4 Qd4 30. Ke2 c5 31. Be3 Qb2+ 32. Nd2 c4
33. f5 cxd3+ 34. Kxd3 Qe5 35. Nb3 Qxf5+ 36. Kd4 Qe4+ 37. Kc3 Qxe3+ 0-1

[Event "Open Mediterranean 2013"]
[Site "Rijeka (CRO)"]
[Date "2007.11.25"]
[Round "1.31"]
[White "Hirneise, Tobias"]
[Black "Turkovic, Igor"]
[Result "1-0"]
[WhiteElo "2287"]
[BlackElo "2000"]
[PlyCount "47"]
[EventDate "2007.11.25"]
[EventType "swiss"]
[EventRounds "9"]
[EventCountry "CRO"]
[Source "lmi"]
[SourceDate "2007.11.25"]

1. e4 c5 2. Nf3 Nc6 3. d4 cxd4 4. Nxd4 Nf6 5. Nc3 e6 6. Ndb5 d6 7. Bf4 e5 8.
Bg5 a6 9. Na3 Be6 10. Nc4 Be7 11. Bxf6 Bxf6 12. Qxd6 Be7 13. Qxd8+ Rxd8 14. a3
O-O 15. Ne3 Bc5 16. Bd3 Ne7 17. O-O g6 18. Rfe1 f5 19. Bc4 Bxc4 20. Nxc4 Bd4
21. exf5 Rxf5 22. Ne4 Nd5 23. c3 Ba7 24. Rad1 1-0

[Event "Open Mediterranean 2013"]
[Site "Rijeka (CRO)"]
[Date "2007.11.25"]
[Round "1.32"]
[White "Vrhovnik, Damir"]
[Black "Zelic, Mladen"]
[Result "0-1"]
[WhiteElo "2000"]
[BlackElo "2286"]
[PlyCount "86"]
[EventDate "2007.11.25"]
[EventType "swiss"]
[EventRounds "9"]
[EventCountry "CRO"]
[Source "lmi"]
[SourceDate "2007.11.25"]

1. e4 e5 2. Nf3 Nc6 3. d4 exd4 4. c3 d5 5. exd5 Qxd5 6. cxd4 Bg4 7. Be2 Bb4+ 8.
Nc3 Bxf3 9. Bxf3 Qc4 10. Bxc6+ Qxc6 11. O-O Ne7 12. Qb3 Bd6 13. Re1 O-O 14. Ne4
Nd5 15. Bg5 Bb4 16. Red1 Rfe8 17. Rac1 Qd7 18. Qf3 Re6 19. a3 Bf8 20. Nc3 Nxc3
21. bxc3 Bxa3 22. Ra1 Rae8 23. Be3 Qe7 24. Qxb7 a5 25. Qf3 a4 26. c4 Ra6 27.
Qb7 Rb6 28. Qa7 Bb2 29. Ra2 Bxd4 30. Re2 a3 31. g3 Rb2 32. Bxd4 Rxe2 33. Be3 a2
34. Ra1 Qe5 35. Rxa2 Re1+ 36. Kg2 Qe4+ 37. Kh3 Rg1 38. Qd4 Qg2+ 39. Kh4 h5 40.
Kxh5 Qxh2+ 41. Qh4 Qg2 42. Qf4 Qh3+ 43. Qh4 Qf5+ 0-1

[Event "Open Mediterranean 2013"]
[Site "Rijeka (CRO)"]
[Date "2007.11.25"]
[Round "1.33"]
[White "Schuurman, Petra"]
[Black "Zhezhov, Emil"]
[Result "1-0"]
[WhiteElo "2281"]
[BlackElo "2000"]
[PlyCount "181"]
[EventDate "2007.11.25"]
[EventType "swiss"]
[EventRounds "9"]
[EventCountry "CRO"]
[Source "lmi"]
[SourceDate "2007.11.25"]

1. d4 d5 2. c4 e6 3. Nc3 f5 4. g3 Nf6 5. Bg2 c6 6. Nf3 Be7 7. O-O O-O 8. b3 Qe8
9. Bb2 Qh5 10. e3 Ne4 11. Ne5 Qxd1 12. Rfxd1 Bf6 13. f3 Nxc3 14. Bxc3 Bd7 15.
Nd3 g6 16. e4 Na6 17. exf5 exf5 18. c5 Nc7 19. Ne5 Be6 20. f4 Kg7 21. a4 Rfe8
22. b4 a6 23. Rab1 Re7 24. Re1 Rae8 25. Bf1 Bxe5 26. dxe5 Kg8 27. Kf2 Bd7 28.
Bd4 Ne6 29. Ke3 Kf7 30. Bd3 Ng7 31. Re2 Rh8 32. Reb2 Rhe8 33. b5 axb5 34. axb5
h6 35. Ra2 Ne6 36. bxc6 bxc6 37. Rb6 Nd8 38. Be2 h5 39. h3 Kf8 40. Ra7 Kf7 41.
Bf3 Kf8 42. Bd1 Kf7 43. Kd3 Kf8 44. Kc3 Kf7 45. Bf2 Ne6 46. h4 Nd8 47. Ba4 Kf8
48. Kb3 Kf7 49. Be1 Ne6 50. Bf2 Nd8 51. Ra8 Kf8 52. Kb4 Kf7 53. Rbb8 Ne6 54.
Rxe8 Rxe8 55. Rxe8 Kxe8 56. Ka5 Ke7 57. Kb6 Nd8 58. Be1 Ke6 59. Bc3 Ke7 60. Ba5
Ke8 61. Kc7 Ke7 62. Bb6 Ne6+ 63. Kb7 Nd8+ 64. Bxd8+ Kxd8 65. Bxc6 Bxc6+ 66.
Kxc6 d4 67. Kb7 d3 68. c6 d2 69. c7+ Ke7 70. c8=Q d1=Q 71. Qc7+ Ke6 72. Qc6+
Ke7 73. Qf6+ Kd7 74. Qf7+ Kd8 75. Qc7+ Ke8 76. Kc8 Qa4 77. Qb6 Qd7+ 78. Kb8 Kf7
79. Qf6+ Ke8 80. Qh8+ Ke7 81. Qg7+ Ke6 82. Qxd7+ Kxd7 83. Kb7 Ke7 84. Kc7 Ke6
85. Kc6 Ke7 86. Kd5 Kd7 87. e6+ Ke7 88. Ke5 Ke8 89. Kf6 Kf8 90. Kxg6 Ke7 91.
Kxf5 1-0

[Event "Open Mediterranean 2013"]
[Site "Rijeka (CRO)"]
[Date "2007.11.25"]
[Round "1.34"]
[White "Zvanic, Zvonimir"]
[Black "Villeneuve, Alain"]
[Result "0-1"]
[WhiteElo "1885"]
[BlackElo "2276"]
[PlyCount "58"]
[EventDate "2007.11.25"]
[EventType "swiss"]
[EventRounds "9"]
[EventCountry "CRO"]
[Source "lmi"]
[SourceDate "2007.11.25"]

1. e4 e5 2. Nf3 Nc6 3. d4 exd4 4. Nxd4 Nf6 5. Nxc6 bxc6 6. Bd3 d5 7. e5 Ng4 8.
Bf4 f6 9. exf6 Qxf6 10. Qe2+ Be7 11. Bc1 O-O 12. O-O Bc5 13. Be3 Nxe3 14. fxe3
Qxf1+ 15. Qxf1 Bxe3+ 16. Kh1 Rxf1+ 17. Bxf1 Bc1 18. a3 Bxb2 19. Ra2 Rb8 20. c4
Be6 21. Nd2 Bf6 22. g3 Rb2 23. Rxb2 Bxb2 24. cxd5 Bxd5+ 25. Bg2 Bxa3 26. Kg1 a5
27. Ne4 Bb4 28. Nf2 Bc5 29. Kf1 Bxf2 0-1

[Event "Open Mediterranean 2013"]
[Site "Rijeka (CRO)"]
[Date "2007.11.25"]
[Round "1.35"]
[White "Paljusaj, Edmond"]
[Black "Samardzic, Nikola"]
[Result "1-0"]
[WhiteElo "2272"]
[BlackElo "1828"]
[PlyCount "25"]
[EventDate "2007.11.25"]
[EventType "swiss"]
[EventRounds "9"]
[EventCountry "CRO"]
[Source "lmi"]
[SourceDate "2007.11.25"]

1. e4 c6 2. d4 d5 3. e5 c5 4. c4 e6 5. Nf3 Nc6 6. Nc3 dxc4 7. Bxc4 cxd4 8. Ne4
Nxe5 9. Bb5+ Nc6 10. O-O Bd7 11. Bf4 Qb6 12. Qe2 Nge7 13. Nd6+ 1-0

[Event "Open Mediterranean 2013"]
[Site "Rijeka (CRO)"]
[Date "2007.11.25"]
[Round "1.36"]
[White "Pejic, Igor"]
[Black "Pandurevic, Miro"]
[Result "0-1"]
[WhiteElo "1819"]
[BlackElo "2270"]
[PlyCount "70"]
[EventDate "2007.11.25"]
[EventType "swiss"]
[EventRounds "9"]
[EventCountry "CRO"]
[Source "lmi"]
[SourceDate "2007.11.25"]

1. e4 e6 2. d4 d5 3. exd5 exd5 4. c4 Nf6 5. Nf3 Bb4+ 6. Nc3 O-O 7. Bd3 Re8+ 8.
Be3 Ng4 9. Qd2 Qe7 10. O-O Nxe3 11. Rfe1 Be6 12. Rxe3 Bxc3 13. Qxc3 c6 14. Bf5
Nd7 15. Rae1 Nf8 16. c5 Qd7 17. Bxe6 Rxe6 18. Rxe6 Nxe6 19. Qd3 Re8 20. h3 f6
21. Qf5 Re7 22. Qd3 Qe8 23. Re3 g6 24. Qc3 Nf4 25. Rxe7 Qxe7 26. Qe3 Qxe3 27.
fxe3 Nd3 28. b3 Nc1 29. Nd2 Nxa2 30. e4 Nc3 31. exd5 Nxd5 32. Nc4 b5 33. Nd6 a5
34. Nb7 a4 35. Na5 a3 0-1

[Event "Open Mediterranean 2013"]
[Site "Rijeka (CRO)"]
[Date "2007.11.25"]
[Round "1.37"]
[White "Muslija, Idris"]
[Black "Galic, Simeun"]
[Result "1-0"]
[WhiteElo "2251"]
[BlackElo "1794"]
[PlyCount "89"]
[EventDate "2007.11.25"]
[EventType "swiss"]
[EventRounds "9"]
[EventCountry "CRO"]
[Source "lmi"]
[SourceDate "2007.11.25"]

1. e4 e5 2. Nf3 Nc6 3. Bb5 Nge7 4. O-O d5 5. exd5 Qxd5 6. Nc3 Qd6 7. d4 exd4 8.
Bxc6+ Nxc6 9. Nb5 Qd8 10. Bf4 Bd6 11. Bxd6 cxd6 12. Re1+ Be6 13. Nfxd4 Nxd4 14.
Qxd4 O-O 15. Nxd6 Rc8 16. c3 Rc7 17. Red1 Qg5 18. Rd3 Rd8 19. Rg3 Qh6 20. Nf5
Rxd4 21. Nxh6+ Kf8 22. cxd4 gxh6 23. Rc3 Rd7 24. Rd1 b6 25. a3 Bd5 26. f3 Rd6
27. Kf2 h5 28. h4 Kg7 29. Rd2 Kg6 30. Re3 f6 31. Re7 a5 32. Rc2 f5 33. Ke3 Bc6
34. d5 Bxd5 35. Rd2 Re6+ 36. Rxe6+ Bxe6 37. Rd6 Kf7 38. Kf4 b5 39. Ke5 Bc4 40.
Kxf5 Ke7 41. Ke5 Bf1 42. Rh6 Bxg2 43. Rxh7+ Kf8 44. Rxh5 Bxf3 45. Rf5+ 1-0

[Event "Open Mediterranean 2013"]
[Site "Rijeka (CRO)"]
[Date "2007.11.25"]
[Round "1.38"]
[White "Mateta, Marin"]
[Black "Muhvic, Damir"]
[Result "0-1"]
[WhiteElo "1794"]
[BlackElo "2249"]
[PlyCount "104"]
[EventDate "2007.11.25"]
[EventType "swiss"]
[EventRounds "9"]
[EventCountry "CRO"]
[Source "lmi"]
[SourceDate "2007.11.25"]

1. e4 c5 2. Bc4 e6 3. a4 d5 4. exd5 exd5 5. Qe2+ Be7 6. Ba2 Nc6 7. c3 Nf6 8.
Nf3 O-O 9. O-O Bg4 10. d3 Re8 11. Qd1 Ne5 12. h3 Nxf3+ 13. Kh1 Bh5 14. g4 Nxg4
15. Qxf3 Nf6 16. Qg3 Bd6 17. Bf4 Bxf4 18. Qxf4 Qd7 19. Qg3 Re2 20. Rg1 Bg6 21.
Na3 Rae8 22. Nb5 a6 23. Nc7 Nh5 24. Qh2 R8e5 25. Nxd5 Rxd5 26. Bxd5 Qxd5+ 27.
Qg2 Qxg2+ 28. Kxg2 Bxd3 29. Rae1 Re6 30. Rxe6 fxe6 31. Rd1 Be4+ 32. f3 Bd5 33.
c4 Bc6 34. b3 Kf7 35. Kf2 Nf4 36. Kg3 e5 37. Rd6 Ke7 38. Rd2 Ne6 39. h4 Nd4 40.
Rd3 Bxf3 41. Rxf3 Nxf3 42. Kxf3 Kf6 43. Ke4 Ke6 44. h5 g5 45. hxg6 hxg6 46. Kd3
Kf5 47. Kc3 e4 48. b4 cxb4+ 49. Kxb4 e3 50. Ka5 e2 51. Kb6 e1=Q 52. Kxb7 Qb4+
0-1

[Event "Open Mediterranean 2013"]
[Site "Rijeka (CRO)"]
[Date "2007.11.25"]
[Round "1.39"]
[White "Susak, Zeljko"]
[Black "Dubrovic, Gabriel"]
[Result "1-0"]
[WhiteElo "2242"]
[BlackElo "1784"]
[PlyCount "85"]
[EventDate "2007.11.25"]
[EventType "swiss"]
[EventRounds "9"]
[EventCountry "CRO"]
[Source "lmi"]
[SourceDate "2007.11.25"]

1. e4 c5 2. Nc3 Nc6 3. f4 b6 4. Nf3 e6 5. Bb5 Bb7 6. d3 g6 7. O-O Bg7 8. Bxc6
Bxc6 9. f5 e5 10. Qe1 d6 11. Qg3 Nf6 12. fxg6 fxg6 13. Bg5 Qe7 14. a4 a6 15.
Nd5 Bxd5 16. exd5 O-O-O 17. Nd2 Rhf8 18. Qh4 h6 19. Bxf6 Rxf6 20. Qc4 Kb7 21.
Ne4 Rxf1+ 22. Rxf1 Rf8 23. Rb1 Rc8 24. b4 Bf8 25. bxc5 dxc5 26. d6 Qd7 27.
Nxc5+ Rxc5 28. Qxc5 Qxd6 29. Qxd6 Bxd6 30. Kf2 Kc6 31. Ke3 Kc5 32. Ke4 b5 33.
axb5 axb5 34. c3 Bc7 35. Ra1 h5 36. Ra7 Kb6 37. Rxc7 Kxc7 38. Kxe5 Kc6 39. d4
Kb6 40. Kd6 g5 41. d5 g4 42. g3 Kb7 43. Kc5 1-0

[Event "Open Mediterranean 2013"]
[Site "Rijeka (CRO)"]
[Date "2007.11.25"]
[Round "1.40"]
[White "Vulinovic, Kristijan"]
[Black "Kekic, Armin"]
[Result "0-1"]
[WhiteElo "1778"]
[BlackElo "2237"]
[PlyCount "46"]
[EventDate "2007.11.25"]
[EventType "swiss"]
[EventRounds "9"]
[EventCountry "CRO"]
[Source "lmi"]
[SourceDate "2007.11.25"]

1. e4 c5 2. Nf3 Nc6 3. Bb5 g6 4. d3 Bg7 5. Nbd2 Qc7 6. O-O a6 7. Bxc6 Qxc6 8.
Re1 e5 9. Nc4 d6 10. Ne3 Ne7 11. b3 O-O 12. Bb2 b5 13. c3 Bb7 14. Ng4 f5 15.
exf5 gxf5 16. Ne3 f4 17. Nc2 Rf6 18. d4 Rg6 19. Kf1 Nf5 20. dxe5 dxe5 21. Re2
Rxg2 22. Kxg2 Qxf3+ 23. Kf1 Qh1# 0-1

[Event "Open Mediterranean 2013"]
[Site "Rijeka (CRO)"]
[Date "2007.11.25"]
[Round "1.41"]
[White "Savic, Miroslav"]
[Black "Mrakovcic, Karmen"]
[Result "1-0"]
[WhiteElo "2237"]
[BlackElo "1735"]
[PlyCount "55"]
[EventDate "2007.11.25"]
[EventType "swiss"]
[EventRounds "9"]
[EventCountry "CRO"]
[Source "lmi"]
[SourceDate "2007.11.25"]

1. Nf3 Nf6 2. d4 d6 3. c4 g6 4. Nc3 Bg7 5. e4 Nbd7 6. Be2 O-O 7. O-O e5 8. Bg5
h6 9. Bh4 g5 10. dxe5 Nxe5 11. Nxe5 dxe5 12. Bg3 Qxd1 13. Rfxd1 Nd7 14. Nd5 Bf6
15. Nxc7 Rb8 16. Nd5 Kg7 17. b4 Re8 18. c5 Nf8 19. Bb5 Rd8 20. Nxf6 Rxd1+ 21.
Rxd1 Kxf6 22. Rd5 Ng6 23. Rd8 Ke7 24. Re8+ Kf6 25. Bd7 Ne7 26. Bxe5+ Kxe5 27.
Rxe7+ Kf6 28. Re8 1-0

[Event "Open Mediterranean 2013"]
[Site "Rijeka (CRO)"]
[Date "2007.11.25"]
[Round "1.42"]
[White "Krsnik Cohar, Ivan Vihor"]
[Black "Cucancic, Sinisa"]
[Result "0-1"]
[WhiteElo "1731"]
[BlackElo "2232"]
[PlyCount "76"]
[EventDate "2007.11.25"]
[EventType "swiss"]
[EventRounds "9"]
[EventCountry "CRO"]
[Source "lmi"]
[SourceDate "2007.11.25"]

1. d4 Nf6 2. Nf3 e6 3. Bg5 Be7 4. e3 h6 5. Bh4 c5 6. c3 O-O 7. Bd3 b6 8. Nbd2
Bb7 9. O-O d6 10. e4 Nbd7 11. Re1 e5 12. dxe5 Nxe5 13. Nxe5 dxe5 14. Nc4 Qc7
15. Qb1 Rad8 16. Bg3 Bd6 17. Nxd6 Qxd6 18. Rd1 Qe6 19. f3 Nh5 20. Bh4 g5 21.
Bf2 g4 22. Be2 Nf4 23. Qc2 f5 24. exf5 Qc6 25. Bg3 Nxe2+ 26. Qxe2 gxf3 27. gxf3
Rde8 28. Qc4+ Rf7 29. Qg4+ Rg7 30. Qc4+ Kh8 31. Rf1 e4 32. f6 Qxf6 33. fxe4 Qh4
34. Rf7 Rxg3+ 35. hxg3 Qxg3+ 36. Kf1 Bxe4 37. Rd7 Bg2+ 38. Kg1 Bf3+ 0-1

[Event "Open Mediterranean 2013"]
[Site "Rijeka (CRO)"]
[Date "2007.11.25"]
[Round "1.43"]
[White "Ribicic, Mate"]
[Black "Vulinovic, Silvija"]
[Result "1-0"]
[WhiteElo "2225"]
[BlackElo "1730"]
[PlyCount "89"]
[EventDate "2007.11.25"]
[EventType "swiss"]
[EventRounds "9"]
[EventCountry "CRO"]
[Source "lmi"]
[SourceDate "2007.11.25"]

1. d4 d5 2. c4 Nf6 3. cxd5 Nxd5 4. e4 Nb6 5. Nc3 g6 6. Be3 Bg7 7. Qd2 O-O 8.
O-O-O Nc6 9. h4 Nxd4 10. Bxd4 Bxd4 11. Qxd4 Bg4 12. Qxd8 Raxd8 13. Rxd8 Rxd8
14. Be2 Be6 15. Nf3 f5 16. exf5 Bxf5 17. Rd1 Rd7 18. Rxd7 Bxd7 19. Ne5 Be6 20.
Bg4 Bxg4 21. Nxg4 Kf7 22. Kc2 Ke6 23. Ne3 Ke5 24. Kd3 c5 25. Nc4+ Nxc4 26. Kxc4
Kd6 27. Ne4+ Ke5 28. Nxc5 b6 29. Nd7+ Kf4 30. Nf8 Kg4 31. g3 Kf3 32. Nxh7 Kxf2
33. g4 Kg3 34. h5 gxh5 35. g5 h4 36. g6 h3 37. g7 h2 38. g8=Q+ Kh3 39. Qd5 Kg3
40. Qh1 e5 41. Kd5 e4 42. Kxe4 a5 43. Qf3+ Kh4 44. Kf4 b5 45. Qg4# 1-0

[Event "Open Mediterranean 2013"]
[Site "Rijeka (CRO)"]
[Date "2007.11.25"]
[Round "1.44"]
[White "Gradiser, Dragoljub"]
[Black "Plenca, Julijan"]
[Result "0-1"]
[WhiteElo "1724"]
[BlackElo "2221"]
[PlyCount "102"]
[EventDate "2007.11.25"]
[EventType "swiss"]
[EventRounds "9"]
[EventCountry "CRO"]
[Source "lmi"]
[SourceDate "2007.11.25"]

1. e4 c5 2. Nf3 e6 3. d4 cxd4 4. Nxd4 a6 5. Be3 Nf6 6. f3 e5 7. Nf5 d5 8. Ng3
Nc6 9. Nd2 Be6 10. Nb3 Be7 11. c3 h5 12. Qc2 Rc8 13. Bc5 h4 14. exd5 Bxd5 15.
Nf5 Bxb3 16. Qf2 Qa5 17. Bxe7 Nxe7 18. Nd6+ Kd7 19. Nxc8 Rxc8 20. Be2 Bc2 21.
O-O Qc5 22. Qxc5 Rxc5 23. Rfc1 Bf5 24. b4 Rc7 25. c4 Nc6 26. a3 Nd4 27. Bf1 Ke7
28. Ra2 h3 29. Kf2 hxg2 30. Kxg2 Nh5 31. Kf2 Nf4 32. Ke3 Be6 33. Rb2 g5 34. a4
Bd7 35. a5 Bc6 36. Rf2 Rd7 37. Bd3 Nxd3 38. Kxd3 Nb3+ 39. Kc2 Nxc1 40. Kxc1 Rd4
41. Rc2 Bxf3 42. Kb2 e4 43. Rc3 Rd2+ 44. Rc2 e3 45. Kc3 Rxc2+ 46. Kxc2 f5 47.
Kd3 e2 48. Kd2 Bh5 49. b5 f4 50. Ke1 Kd6 51. Kf2 Kc5 0-1

[Event "Open Mediterranean 2013"]
[Site "Rijeka (CRO)"]
[Date "2007.11.25"]
[Round "1.45"]
[White "Kranjcevic, Mario"]
[Black "Dujic, Davor"]
[Result "1-0"]
[WhiteElo "2211"]
[BlackElo "1715"]
[PlyCount "60"]
[EventDate "2007.11.25"]
[EventType "swiss"]
[EventRounds "9"]
[EventCountry "CRO"]
[Source "lmi"]
[SourceDate "2007.11.25"]

1. e4 c6 2. d4 d5 3. e5 c5 4. dxc5 e6 5. Be3 Qc7 6. Nf3 Bxc5 7. Bxc5 Qxc5 8.
Nbd2 Ne7 9. Bd3 Bd7 10. Qe2 Nbc6 11. c3 Ng6 12. g3 Qb6 13. O-O-O Rc8 14. Kb1
O-O 15. h4 Qc7 16. Rhe1 Nge7 17. Ng5 g6 18. f4 d4 19. Nde4 Nd5 20. c4 Ne3 21.
Nf6+ Kg7 22. Rc1 h6 23. Nf3 Nf5 24. g4 Nfe7 25. h5 Ng8 26. g5 Rcd8 27. Rh1 Be8
28. gxh6+ Nxh6 29. hxg6 fxg6 30. Rxh6 Kxh6 1-0

[Event "Open Mediterranean 2013"]
[Site "Rijeka (CRO)"]
[Date "2007.11.25"]
[Round "1.46"]
[White "Camber, Ivan"]
[Black "Valenti, Giuseppe"]
[Result "1-0"]
[WhiteElo "1709"]
[BlackElo "2207"]
[PlyCount "105"]
[EventDate "2007.11.25"]
[EventType "swiss"]
[EventRounds "9"]
[EventCountry "CRO"]
[Source "lmi"]
[SourceDate "2007.11.25"]

1. e4 c5 2. Nf3 e6 3. c3 Nf6 4. e5 Nd5 5. d4 cxd4 6. cxd4 d6 7. a3 Nc6 8. Bd3
Qc7 9. Qe2 Bd7 10. Bd2 Na5 11. Nc3 Nxc3 12. Bxc3 Nb3 13. Rb1 d5 14. O-O Be7 15.
Qe1 Qb6 16. Bc2 h6 17. h3 Bb5 18. a4 Bxf1 19. Kxf1 Rc8 20. Kg1 a6 21. a5 Qb5
22. Qd1 O-O 23. Bxb3 Bb4 24. Ba4 Qxa5 25. Bxb4 Qxb4 26. Qb3 Qxb3 27. Bxb3 Rc7
28. Ne1 Rc6 29. Ra1 Rb6 30. Ra3 Rb4 31. Nc2 Rb5 32. Ne1 Rc8 33. Nd3 b6 34. Ba4
Rc4 35. Bxb5 axb5 36. Kf1 Rxd4 37. Ke2 f6 38. exf6 gxf6 39. f3 e5 40. Ke3 Rc4
41. Kd2 e4 42. fxe4 dxe4 43. Nf2 b4 44. Re3 f5 45. g4 b3 46. Rxb3 f4 47. Rc3
Rb4 48. Rc8+ Kf7 49. Kc3 Ra4 50. Rc4 Rxc4+ 51. Kxc4 e3 52. Nd3 e2 53. Ne1 1-0

[Event "Open Mediterranean 2013"]
[Site "Rijeka (CRO)"]
[Date "2007.11.25"]
[Round "1.47"]
[White "Sikanjic, Bojan"]
[Black "Samanic, Verena"]
[Result "1-0"]
[WhiteElo "2205"]
[BlackElo "1691"]
[PlyCount "41"]
[EventDate "2007.11.25"]
[EventType "swiss"]
[EventRounds "9"]
[EventCountry "CRO"]
[Source "lmi"]
[SourceDate "2007.11.25"]

1. c4 e5 2. Nc3 Bc5 3. Nf3 Nc6 4. e3 Nf6 5. d4 exd4 6. exd4 Bb4 7. Bd3 O-O 8.
O-O d6 9. Bg5 Bg4 10. Nd5 Ba5 11. Bc2 Bb6 12. Qd3 Re8 13. Bxf6 g6 14. Bxd8
Raxd8 15. Nf6+ Kg7 16. Nxg4 Nb4 17. Qd2 Nxc2 18. Qh6+ Kh8 19. Ng5 Kg8 20. Nf6+
Kh8 21. Qxh7# 1-0

[Event "Open Mediterranean 2013"]
[Site "Rijeka (CRO)"]
[Date "2007.11.25"]
[Round "1.48"]
[White "Zelenika, Aleksandar"]
[Black "Levar, Nenad"]
[Result "0-1"]
[WhiteElo "1660"]
[BlackElo "2181"]
[PlyCount "54"]
[EventDate "2007.11.25"]
[EventType "swiss"]
[EventRounds "9"]
[EventCountry "CRO"]
[Source "lmi"]
[SourceDate "2007.11.25"]

1. e4 e5 2. Nf3 Nc6 3. Bc4 Be7 4. Nc3 Nf6 5. d3 d6 6. Bg5 Be6 7. Bxe6 fxe6 8.
a3 O-O 9. Bxf6 Bxf6 10. Qe2 Qd7 11. O-O-O Rfb8 12. Rhe1 b5 13. b3 b4 14. axb4
Rxb4 15. Na2 Rb7 16. g3 a5 17. Nc3 Nb4 18. Kb2 c5 19. h4 Rab8 20. Ra1 Bd8 21.
Na2 a4 22. Nxb4 Rxb4 23. c3 Rxb3+ 24. Kc1 Rxc3+ 25. Kd1 Qb5 26. Nd2 Rxd3 27.
Rb1 Qxb1# 0-1

[Event "Open Mediterranean 2013"]
[Site "Rijeka (CRO)"]
[Date "2007.11.25"]
[Round "1.49"]
[White "Krkljes, Slaven"]
[Black "Dubrovic, Rafael"]
[Result "1-0"]
[WhiteElo "2178"]
[BlackElo "1652"]
[PlyCount "61"]
[EventDate "2007.11.25"]
[EventType "swiss"]
[EventRounds "9"]
[EventCountry "CRO"]
[Source "lmi"]
[SourceDate "2007.11.25"]

1. e4 d5 2. exd5 Qxd5 3. Nc3 Qd6 4. d4 Nf6 5. Bc4 a6 6. Nf3 Bg4 7. h3 Bh5 8.
Be3 Nbd7 9. Qd2 h6 10. O-O-O O-O-O 11. g4 Bg6 12. Nh4 Be4 13. Rhe1 e5 14. Bxf7
g5 15. Nf5 Bxf5 16. gxf5 Qc6 17. dxe5 Be7 18. exf6 Bxf6 19. Be6 Rh7 20. Bd4 Be7
21. Nd5 Bc5 22. Bxc5 Qxc5 23. Nf6 Re7 24. Nxd7 Rexd7 25. Bxd7+ Kb8 26. Re8 Rxe8
27. Bxe8 Qxf5 28. Qd8+ Ka7 29. Qxc7 g4 30. Bc6 Ka8 31. Qxb7# 1-0

[Event "Open Mediterranean 2013"]
[Site "Rijeka (CRO)"]
[Date "2007.11.25"]
[Round "1.50"]
[White "Tica, Sven"]
[Black "Solic, Kristina"]
[Result "0-1"]
[WhiteElo "1629"]
[BlackElo "2148"]
[PlyCount "64"]
[EventDate "2007.11.25"]
[EventType "swiss"]
[EventRounds "9"]
[EventCountry "CRO"]
[Source "lmi"]
[SourceDate "2007.11.25"]

1. d4 d5 2. Nf3 Nf6 3. Bg5 Nbd7 4. e3 h6 5. Bh4 e6 6. Bd3 Be7 7. Nbd2 b6 8. O-O
Bb7 9. c4 O-O 10. Rc1 c5 11. Re1 Rc8 12. cxd5 Nxd5 13. Bxe7 Qxe7 14. dxc5 Nxc5
15. Qe2 Nxd3 16. Qxd3 Rfd8 17. Qe2 Nb4 18. a3 Ba6 19. Qd1 Rxc1 20. Qxc1 Nd3 21.
Qc2 Nxe1 22. Nxe1 Qd7 23. Nef3 Rc8 24. Qd1 Bb7 25. Ne5 Qd5 26. Nef3 Rd8 27. Kf1
Qd3+ 28. Ke1 Bxf3 29. gxf3 Qg6 30. Ke2 Qh5 31. Qg1 Qb5+ 32. Ke1 Qxb2 0-1

[Event "Open Mediterranean 2013"]
[Site "Rijeka (CRO)"]
[Date "2007.11.25"]
[Round "1.51"]
[White "Tomljanovic, Goran"]
[Black "Brkariæ, Vanja"]
[Result "1-0"]
[WhiteElo "2127"]
[BlackElo "1600"]
[PlyCount "55"]
[EventDate "2007.11.25"]
[EventType "swiss"]
[EventRounds "9"]
[EventCountry "CRO"]
[Source "lmi"]
[SourceDate "2007.11.25"]

1. d4 Nf6 2. c4 d6 3. Nc3 g6 4. e4 Bg7 5. f4 O-O 6. Nf3 Bg4 7. Be2 c5 8. d5 Re8
9. O-O Na6 10. h3 Bxf3 11. Bxf3 Nc7 12. Be3 e6 13. e5 dxe5 14. fxe5 Nd7 15. d6
Na6 16. Bxb7 Qb6 17. Bxa8 Rxa8 18. b3 Nxe5 19. Rc1 Rd8 20. Qe2 Qxd6 21. Rcd1
Qe7 22. Rxd8+ Qxd8 23. Ne4 Qe7 24. Bg5 Qc7 25. Rd1 h6 26. Rd8+ Kh7 27. Nf6+
Bxf6 28. Bxf6 1-0